00383 a2200109 4500001001000000005001700010008004100027245009800068100002000166773007000186999001700256ART_2117320260410161902.0260409a 10aEfficiency aspects of the differential tax treatment of market and household economy activity1 aBoskin, Michael0 tJournal of public economicsg- Vol.4, NÂș 1 (feb. 1975)wREV11485 c26044d26044